000 01307cam a2200397 4500
008 000000n2000 000 0 eng u
020 _a085406981X
035 _a(Sirsi) u103738
041 _aENG
050 _a330
110 _aRoyal Institution of Chartered Surveyors Research Foundation
_93861
245 _a20:20 visions of the future.
260 _aLondon
_bRICS Research Foundation
_c2000
300 _aboxed set of 7 booklets.
350 _a60.00
505 _aPreparing for the future: a users guide by Ian Cooper.
505 _aThe future of work by Anne Green & Ruth Shackleton
505 _aThe future of shopping by Leigh Sparks and Anne Findlay
505 _aThe future of housing by James Barlow
505 _aThe future of the countryside by Mark Shucksmith
505 _aThe future of transport by David Banister
505 _aThe future of leisure by Chris Evans & Stuart Morley
520 _aContains 6 reports and 1 users guide.
650 _aFORECASTS
650 _aMARKET SURVEYS
650 _aRETAIL
650 _aHOUSING
650 _aLEISURE AND RECREATION
650 _aRURAL PLANNING
650 _aTRANSPORT
650 _aRESEARCH
650 _aSOCIAL ISSUES
650 _aDEMOGRAPHIC TRENDS
690 _aECONOMIC ISSUES
942 _n0
999 _c100150
_d100150